| 000 | 01030nam a22002897a 4500 | ||
|---|---|---|---|
| 003 | EG-ScBUE | ||
| 005 | 20220518100503.0 | ||
| 008 | 090114t1995 maua f 000 0 eng d | ||
| 020 | _a0838452582 | ||
| 020 | _a9780838452585 | ||
| 040 |
_aEG-ScBUE _beng _erda _cEG-ScBUE _dEG-ScBUE |
||
| 082 |
_222 _a428.24 _bBLO |
||
| 100 | 1 |
_aBlot, Dave, _eauthor. |
|
| 245 | 1 | 0 |
_aStarting lines : _bbeginning writing / _cDavid Blot, Bronx Community College, City University of New York, David M Davidson, Bronx Community College, City University of New York. |
| 264 | 1 |
_aBoston, MA : _bHeinle and Heinle Publishers, _c[1995] |
|
| 264 | 4 | _cc1995 | |
| 300 |
_axi, 180 pages : _billustrations ; _c28 cm |
||
| 336 |
_2rdacontent _atext _btxt |
||
| 337 |
_2rdamedia _aunmediated _bn |
||
| 338 |
_2rdacarrier _avolume _bnc |
||
| 650 | 7 |
_aEnglish language _vTextbooks for foreign speakers. _2BUEsh |
|
| 651 | _2BUEsh | ||
| 653 |
_bHHUUEENN _cMay2022 |
||
| 655 |
_vReading book _934232 |
||
| 700 | 1 |
_aDavidson, David M., _eauthor. |
|
| 942 |
_2ddc _cBB |
||
| 999 |
_c10342 _d10342 |
||